02152 2201021 4500001002100000005001500021035002000036245005500056100001000111300002800121260003200149082000800181084001400189020002200203008004100225990001200266990001200278990001200290990001200302990001200314990001200326990001200338990001200350990001200362990001200374990001200386990001200398990001200410990001200422990001200434990001200446990001200458990001200470990001200482990001200494990001200506990001200518990001200530990001200542990001200554990001200566990001200578990001200590990001200602990001200614990001200626990001200638990001200650990001200662990001200674990001200686990001200698990001200710990001200722990001200734990001200746990001200758990001200770990001200782990001200794990001200806990001200818990001200830990001200842990001200854990001200866990001200878990001200890990001200902990001200914990001200926990001200938990001200950990001200962990001200974990001200986990001200998990001201010990001201022990001201034990001201046990001201058990001201070990001201082990001201094990001201106990001201118INLIS00000000000263720250902084238 a0010-07250000011 aBahasa Indonesia Tingkat Lanjut Kelas XII /cMaman0 aMaman a292 hlm ;c17,5 x 25 cm aJakarta :bKEMDIKBUD,c2022 a400 a400 MAM b a978-602-244-871-6250902 0 ind  a0755133 a0755134 a0755135 a0755136 a0755137 a0755138 a0755139 a0755140 a0755141 a0755142 a0755143 a0755144 a0755145 a0755146 a0755147 a0755148 a0755149 a0755150 a0755151 a0755152 a0755153 a0755154 a0755155 a0755156 a0755157 a0755158 a0755159 a0755160 a0755161 a0755162 a0755163 a0755164 a0755165 a0755166 a0755167 a0755168 a0755169 a0755170 a0755171 a0755172 a0755173 a0755174 a0755175 a0755176 a0755177 a0755178 a0755179 a0755180 a0755181 a0755182 a0755183 a0755184 a0755185 a0755186 a0755187 a0755188 a0755189 a0755190 a0755191 a0755192 a0755193 a0755194 a0755195 a0755196 a0755197 a0755198 a0755199 a0755200 a0755201 a0755202 a0755203 a0755204